zpět

Detail výsledku týmu

Pod Jasanem, Rokycany

Datum a čas kvízu

35 Celkem bodů Celkový počet nahraných bodů na tomto kvízu bez doplňovacích otázek.
5. Pořadí na kvízu Konečné umístění týmu na tomto kvízu.

Zaznamenané odpovědi

# Otázka Odpověď Body Výsledky
1. V úterý v 16 hodin skončila mo... 21 kandidátů 0
2. Skupina filmařů minulý týden p... raketoplánu Challenger 0
3. V pondělí skončil na Primě jed... Dobré zprávy 1
4. V pondělí vzali zákazníci útok... o vejce 1
5. V pondělí náš ženský tenisový... Barbora Krejčíková, Kateřina Siniaková 1
6. V první otázce věnované slavný... Zrzečka 1
7. Který hlodavec je obsažen v čí... krysa 1
8. Tento krysák, hlavní hrdina fi... Remy 1
9. Jak se dvouslovně jmenuje tato... Krysí smrť 0
10. Téma zakončíme v mytologii, a... veverka 0